03556cam a22006615i 4500001000800000005001700008006001900025007001500044008004100059020001800100024003500118035002600153040001100179050001300190050002000203050001100223072001600234072001800250072002300268082001400291100003600305210006800341245032500409264006100734336002600795337002600821338003600847347002400883490007400907506004300981520069401024650002201718650003701740650002301777650002901800650002101829650003301850650002201883650004601905650005501951650004702006650003702053650002502090650004202115700002802157700003402185710003402219773002002253773005002273776003602323830007402359856013202433910003402565920014302599952010602742965002902848999001702877938751420260116014916.0m d cr n 110901s2011 gw | s |||| 0|eng d a97836422405537 a10.1007/978-3-642-24055-32doi a(WaSeSS)ssj0000609081 dWaSeSS 4aQ334-342 4aTJ210.2-211.495 4aTA1637 7aUYQ2bicssc 7aTJFM12bicssc 7aCOM0040002bisacsh04a006.32231 aNagamalai, Dhinaharan.eeditor.10aAdvances in Digital Image Processing and Information Technology10aAdvances in Digital Image Processing and Information Technologyh[electronic resource] :bFirst International Conference on Digital Image Processing and Pattern Recognition, DPPR 2011, Tirunelveli, Tamil Nadu, India, September 23-25, 2011. Proceedings /cedited by Dhinaharan Nagamalai, Eric Renault, Murugan Dhanuskodi. 1aBerlin, Heidelberg :bSpringer Berlin Heidelberg,c2011. atextbtxt2rdacontent acomputerbc2rdamedia aonline resourcebcr2rdacarrier atext filebPDF2rda1 aCommunications in Computer and Information Science,x1865-0929 ;v205 aLicense restrictions may limit access. aThis book constitutes the refereed proceedings of the First International Conference on Digital Image Processing and Pattern Recognition, DPPR 2011, held in Tirunelveli, India, in September 2011. The 48 revised full papers were carefully reviewed and selected from about 400 submissions. The conference brought together leading researchers, engineers and scientists in the domain of Digital Image Processing and Pattern Recognition. The papers cover all theoretical and practical aspects of the field and present new advances and current research results in two tracks, namely: digital image processing and pattern recognition, and computer science, engineering and information technology. 0aComputer science. 0aComputer Communication Networks. 0aComputer software. 0aArtificial intelligence. 0aComputer vision. 0aOptical pattern recognition.14aComputer Science.24aArtificial Intelligence (incl. Robotics).24aInformation Systems Applications (incl. Internet).24aAlgorithm Analysis and Problem Complexity.24aComputer Communication Networks.24aPattern Recognition.24aImage Processing and Computer Vision.1 aRenault, Eric.eeditor.1 aDhanuskodi, Murugan.eeditor.2 aSpringerLink (Online service)0 tSpringer eBooks 0tSpringerLink ebooks - Computer Science (2011)08iPrinted edition:z9783642240546 0aCommunications in Computer and Information Science,x1865-0929 ;v20540uhttp://www.columbia.edu/cgi-bin/cul/resolve?clio9387514zFull text available from SpringerLink ebooks - Computer Science (2011) aVendor-generated brief record40zFull text available from SpringerLink ebooks - Computer Science (2011)uhttp://link.springer.com/openurl?genre=book&isbn=978-3-642-24054-6 00102ddc4070aHMIbHMId2014-12-26g1457.52l0o006.3p123456r2014-12-27v1457.52w2014-12-26yBK a965SerialsSolutionsBooks c17499d17499